El camino de el dorado. /

Guardado en:
Autor Principal: Uslar Pietri, Arturo
Formato: Libro
Publicado: Buenos Aires : Losada, 1977
Edición:6a. ed.
Series:Biblioteca cl sica y contempor
Materias:
Etiquetas: Agregar Etiqueta
Sin Etiquetas, Sea el primero en etiquetar este registro!
LEADER 00612nam a22002175a 4500
001 CEM.cems006394
005 20060214000000.0
008 130507s1977##################000#0#####d
003 CEMS
082 0 4 |a V863.4 
100 1 |a Uslar Pietri, Arturo 
245 1 0 |a El camino de el dorado. / 
250 |a 6a. ed. 
260 |a Buenos Aires :  |b Losada,  |c 1977 
300 |a 263 p. 
490 0 |a Biblioteca cl sica y contempor 
653 |a Literatura 
653 |a Literatura hispanoamericana 
653 |a Novela venezolana-siglo 20 
653 |a Novelas 
859 |a CEMS  |b BIB. CEMS - 11 de abril  |h V863.4  |i Us5-2a6  |p 14133.86  |t Ej.1